[Event "BEL-chT 2223"]
[Site "Belgium"]
[Date "2022.12.04"]
[Round "5.5"]
[White "Eliet, Nicolas"]
[Black "Larkin, Vladislav"]
[Result "1/2-1/2"]
[WhiteElo "2320"]
[BlackElo "2421"]
[PlyCount "79"]
[EventDate "2022.09.25"]
[EventType "team-tourn"]
[EventRounds "11"]
[EventCountry "BEL"]
[SourceTitle "CBM 213 Extra"]
[Source "ChessBase"]
[SourceDate "2023.05.31"]
[SourceVersion "1"]
[SourceVersionDate "2023.05.31"]
[SourceQuality "1"]
[WhiteTeam "Charleroi CREC"]
[BlackTeam "Wachtebeke"]
[WhiteTeamCountry "BEL"]
[BlackTeamCountry "BEL"]

1. c4 e5 2. g3 Nc6 3. Bg2 Bc5 4. Nc3 d6 5. e3 a6 6. Nge2 Ba7 7. b3 h5 8. Bb2 h4 9. d4 Nge7 10. Qd2 h3 11. Bf3 Bf5 12. 0-0-0 Qc8 13. Rhf1 f6 14. Bh1 Rb8 15. d5 Nd8 16. e4 Bd7 17. f4 Nf7 18. Kb1 Bg4 19. Rc1 Qd7 20. Nd1 Nh6 21. Nf2 Bh5 22. Ng1 Ng4 23. Nxg4 Bxg4 24. Nf3 0-0 25. fxe5 dxe5 26. c5 Rbd8 27. Qd3 c6 28. d6 Ng6 29. Nd2 b6 30. cxb6 Bxb6 31. Bf3 Be6 32. Nc4 Ba7 33. Rfd1 c5 34. Bh5 Nh8 35. Ne3 Qb7 36. Rc2 Nf7 37. Bxf7+ Rxf7 38. Rcd2 Rfd7 39. Nc4 Qb5 40. Bc3 1/2-1/2

[Event "BEL-chT 1718"]
[Site "Belgium"]
[Date "2018.02.04"]
[Round "6.2"]
[White "Ypma, Peter"]
[Black "Eliet, Nicolas"]
[Result "1/2-1/2"]
[WhiteElo "2324"]
[BlackElo "2380"]
[PlyCount "79"]
[EventDate "2017.09.24"]
[EventType "team-tourn"]
[EventRounds "11"]
[EventCountry "BEL"]
[SourceTitle "EXT 2019"]
[Source "ChessBase"]
[SourceDate "2018.10.10"]
[SourceVersion "1"]
[SourceVersionDate "2018.10.10"]
[SourceQuality "1"]
[WhiteTeam "Brasschaat"]
[BlackTeam "Charleroi CREC"]
[WhiteTeamCountry "BEL"]
[BlackTeamCountry "BEL"]

1. e4 c6 2. d4 d5 3. f3 e6 4. Nc3 Bb4 5. Nge2 dxe4 6. fxe4 e5 7. dxe5 Qxd1+ 8. Kxd1 Ne7 9. Nf4 Ng6 10. e6 Bxe6 11. Nxe6 fxe6 12. Bc4 Nf8 13. Ne2 Nbd7 14. Nd4 Ne5 15. Bb3 0-0-0 16. c3 Bc5 17. Bg5 Rd7 18. Kc2 Bxd4 19. cxd4 Rxd4 20. Rhe1 c5 21. Be3 Rd6 22. Rad1 Rxd1 23. Kxd1 b6 24. Ke2 Kb7 25. Rd1 c4 26. Ba4 Nd3 27. Bb5 a6 28. Bxc4 Nxb2 29. Rc1 Nxc4 30. Rxc4 e5 31. Rc1 Nd7 32. Rd1 Kc6 33. Rc1+ Kd6 34. Rd1+ Ke6 35. Rc1 Kd6 36. Rd1+ Kc6 37. Rc1+ Kb7 38. Rd1 Nb8 39. Rb1 Nd7 40. Rd1 1/2-1/2

[Event "BEL-chT 1718"]
[Site "Belgium"]
[Date "2017.10.01"]
[Round "2.3"]
[White "Eliet, Nicolas"]
[Black "Korpa, Bence"]
[Result "1-0"]
[WhiteElo "2380"]
[BlackElo "2480"]
[PlyCount "65"]
[EventDate "2017.09.24"]
[EventType "team-tourn"]
[EventRounds "11"]
[EventCountry "BEL"]
[SourceTitle "EXT 2019"]
[Source "ChessBase"]
[SourceDate "2018.10.10"]
[SourceVersion "1"]
[SourceVersionDate "2018.10.10"]
[SourceQuality "1"]
[WhiteTeam "Charleroi CREC"]
[BlackTeam "Wirtzfeld"]
[WhiteTeamCountry "BEL"]
[BlackTeamCountry "BEL"]

1. d4 Nf6 2. Nf3 d5 3. e3 Bf5 4. c4 c6 5. cxd5 cxd5 6. Qb3 Bc8 7. Nc3 e6 8. Ne5 Be7 9. Bd3 0-0 10. 0-0 Nc6 11. f4 Bd7 12. Bd2 Rc8 13. Qd1 Ne8 14. Rf3 f5 15. g4 Nf6 16. gxf5 exf5 17. Rh3 Be6 18. Qe2 g6 19. Kh1 Ne4 20. Rg1 Nxe5 21. fxe5 Rf7 22. Rf3 Kh8 23. Be1 g5 24. Rff1 Qd7 25. Bb5 Qc7 26. Ba4 a6 27. Bb3 Qd7 28. Qh5 Rg8 29. Nxe4 dxe4 30. d5 Bxd5 31. Bc3 Rfg7 32. Rd1 Bf7 33. Qxf7 1-0

[Event "BEL-chT 1718"]
[Site "Belgium"]
[Date "2017.09.24"]
[Round "1.3"]
[White "Zaragatski, Ilja"]
[Black "Eliet, Nicolas"]
[Result "1-0"]
[WhiteElo "2497"]
[BlackElo "2380"]
[PlyCount "43"]
[EventDate "2017.09.24"]
[EventType "team-tourn"]
[EventRounds "11"]
[EventCountry "BEL"]
[SourceTitle "EXT 2018"]
[Source "ChessBase"]
[SourceDate "2017.10.13"]
[SourceVersion "1"]
[SourceVersionDate "2017.10.13"]
[SourceQuality "1"]
[WhiteTeam "Amay"]
[BlackTeam "Charleroi CREC"]
[WhiteTeamCountry "BEL"]
[BlackTeamCountry "BEL"]

1. c4 b6 2. e4 Bb7 3. Nc3 e6 4. Nge2 c5 5. d4 cxd4 6. Nxd4 d6 7. Be2 Nd7 8. 0-0 a6 9. Be3 Ngf6 10. f3 Be7 11. a4 0-0 12. a5 Re8 13. axb6 Qxb6 14. Nf5 Qc7 15. Nxe7+ Rxe7 16. Qd4 Rae8 17. Rac1 Qb8 18. Rf2 Ba8 19. Bf1 d5 20. exd5 exd5 21. Bf4 Qb4 22. Rd2 1-0

[Event "BEL-chT 1617"]
[Site "Belgium"]
[Date "2017.03.26"]
[Round "10.2"]
[White "Eliet, Nicolas"]
[Black "Van den Doel, Erik"]
[Result "0-1"]
[WhiteElo "2385"]
[BlackElo "2571"]
[PlyCount "62"]
[EventDate "2016.10.02"]
[EventType "team-tourn"]
[EventRounds "11"]
[EventCountry "BEL"]
[SourceTitle "EXT 2018"]
[Source "ChessBase"]
[SourceDate "2017.10.13"]
[SourceVersion "1"]
[SourceVersionDate "2017.10.13"]
[SourceQuality "1"]
[WhiteTeam "Charleroi CREC"]
[BlackTeam "Wirtzfeld"]
[WhiteTeamCountry "BEL"]
[BlackTeamCountry "BEL"]

1. c4 e5 2. g3 Nf6 3. Bg2 d5 4. cxd5 Nxd5 5. Nf3 Nc6 6. 0-0 Nb6 7. b3 Be7 8. Bb2 f6 9. d3 Be6 10. Nbd2 Qd7 11. Rc1 0-0 12. a3 a5 13. Qc2 Rfd8 14. Rfe1 Bf8 15. Ne4 Qf7 16. Nfd2 Bd5 17. e3 Rd7 18. Nc4 Rad8 19. Bf1 Nxc4 20. dxc4 Be6 21. Nc3 Rd2 22. Qb1 Qh5 23. Bg2 Bh3 24. Nd5 Bxg2 25. Kxg2 e4 26. Rf1 Ne5 27. Bc3 Ng4 28. Qxe4 Re8 29. Qxe8 Rxf2+ 30. Rxf2 Qxe8 31. Rf3 Qe4 0-1

[Event "BEL-chT 1617"]
[Site "Belgium"]
[Date "2017.02.19"]
[Round "8.2"]
[White "Eliet, Nicolas"]
[Black "Dambacher, Martijn"]
[Result "1/2-1/2"]
[WhiteElo "2385"]
[BlackElo "2480"]
[PlyCount "33"]
[EventDate "2016.10.02"]
[EventType "team-tourn"]
[EventRounds "11"]
[EventCountry "BEL"]
[SourceTitle "EXT 2018"]
[Source "ChessBase"]
[SourceDate "2017.10.13"]
[SourceVersion "1"]
[SourceVersionDate "2017.10.13"]
[SourceQuality "1"]
[WhiteTeam "Charleroi CREC"]
[BlackTeam "Eynatten"]
[WhiteTeamCountry "BEL"]
[BlackTeamCountry "BEL"]

1. d4 f5 2. Bf4 Nf6 3. Nc3 d6 4. f3 Nc6 5. e4 fxe4 6. d5 e5 7. Be3 Ne7 8. fxe4 c6 9. Nf3 cxd5 10. exd5 Nf5 11. Bb5+ Bd7 12. Qe2 Bxb5 13. Qxb5+ Qd7 14. Qe2 Be7 15. Bg5 0-0 16. Bxf6 Bxf6 17. Ne4 1/2-1/2

[Event "BEL-chT 1617"]
[Site "Belgium"]
[Date "2017.02.12"]
[Round "7.3"]
[White "Eliet, Nicolas"]
[Black "Lenaerts, Lennert"]
[Result "1/2-1/2"]
[WhiteElo "2385"]
[BlackElo "2306"]
[PlyCount "80"]
[EventDate "2016.10.02"]
[EventType "team-tourn"]
[EventRounds "11"]
[EventCountry "BEL"]
[SourceTitle "EXT 2018"]
[Source "ChessBase"]
[SourceDate "2017.10.13"]
[SourceVersion "1"]
[SourceVersionDate "2017.10.13"]
[SourceQuality "1"]
[WhiteTeam "Charleroi CREC"]
[BlackTeam "Liege Crelel"]
[WhiteTeamCountry "BEL"]
[BlackTeamCountry "BEL"]

1. Nf3 d5 2. e3 Nf6 3. b3 Bf5 4. Bb2 e6 5. c4 c6 6. Be2 h6 7. Nc3 Bd6 8. 0-0 0-0 9. d3 Qe7 10. a3 Rd8 11. Qc2 Nbd7 12. e4 dxe4 13. dxe4 Bh7 14. Rfe1 a5 15. Bf1 Ne5 16. Nxe5 Bxe5 17. g3 Bd4 18. Bg2 e5 19. Re2 Nd7 20. Kh1 Nc5 21. f4 exf4 22. gxf4 Ne6 23. Rf1 Bc5 24. Nb1 Nd4 25. Qc3 f5 26. Rfe1 fxe4 27. Nd2 Nf5 28. Bxe4 Qf8 29. Nf3 Bxa3 30. Bxa3 Qxa3 31. Bxf5 Bxf5 32. Nd4 Qf8 33. Nxf5 Qxf5 34. Re7 Qf6 35. Qxf6 gxf6 36. Rg1+ Kh8 37. Rxb7 a4 38. bxa4 Rxa4 39. Rf7 Rxc4 40. Rxf6 Kh7 1/2-1/2

[Event "BEL-chT 1617"]
[Site "Belgium"]
[Date "2016.12.04"]
[Round "5.4"]
[White "De Rover, Yong Hoon"]
[Black "Eliet, Nicolas"]
[Result "1-0"]
[WhiteElo "2338"]
[BlackElo "2385"]
[PlyCount "47"]
[EventDate "2016.10.02"]
[EventType "team-tourn"]
[EventRounds "11"]
[EventCountry "BEL"]
[SourceTitle "EXT 2018"]
[Source "ChessBase"]
[SourceDate "2017.10.13"]
[SourceVersion "1"]
[SourceVersionDate "2017.10.13"]
[SourceQuality "1"]
[WhiteTeam "Wachtebeke"]
[BlackTeam "Charleroi CREC"]
[WhiteTeamCountry "BEL"]
[BlackTeamCountry "BEL"]

1. e4 c6 2. d4 d5 3. Nc3 dxe4 4. Nxe4 Nd7 5. Ng5 Ndf6 6. N1f3 e6 7. Ne5 Nh6 8. Bd3 Bd6 9. Qe2 Qc7 10. Ngf3 Nhg8 11. Bd2 Ne7 12. 0-0-0 b6 13. h4 Rf8 14. Kb1 Bb7 15. c4 c5 16. dxc5 bxc5 17. Bc3 Ng6 18. Bxg6 hxg6 19. Ng5 0-0-0 20. Rhe1 Kb8 21. f4 Nh5 22. Nexf7 Nxf4 23. Qg4 Nxg2 24. Nxd8 1-0

[Event "BEL-chT 1617"]
[Site "Belgium"]
[Date "2016.11.06"]
[Round "3.1"]
[White "Eliet, Nicolas"]
[Black "Rozentalis, Eduardas"]
[Result "0-1"]
[WhiteElo "2385"]
[BlackElo "2567"]
[PlyCount "36"]
[EventDate "2016.10.02"]
[EventType "team-tourn"]
[EventRounds "11"]
[EventCountry "BEL"]
[SourceTitle "CBM 175 Extra"]
[Source "ChessBase"]
[SourceDate "2016.12.12"]
[SourceVersion "1"]
[SourceVersionDate "2016.12.12"]
[SourceQuality "1"]
[WhiteTeam "Charleroi CREC"]
[BlackTeam "KGSRL"]
[WhiteTeamCountry "BEL"]
[BlackTeamCountry "BEL"]

1. c4 e6 2. Nf3 b6 3. e3 Bb7 4. d4 Nf6 5. Bd3 d5 6. 0-0 Bd6 7. b3 0-0 8. Bb2 Ne4 9. Nbd2 Nd7 10. Qc2 f5 11. Rad1 Nxd2 12. Nxd2 dxc4 13. Bxc4 Bxh2+ 14. Kxh2 Qh4+ 15. Kg1 Bxg2 16. Bxe6+ Kh8 17. f3 Bh3 18. Qxc7 Rf6 0-1

[Event "BEL-chT 1617"]
[Site "Belgium"]
[Date "2016.10.02"]
[Round "1.4"]
[White "Bekker, Stefan"]
[Black "Eliet, Nicolas"]
[Result "1/2-1/2"]
[WhiteElo "2313"]
[BlackElo "2385"]
[PlyCount "81"]
[EventDate "2016.10.02"]
[EventType "team-tourn"]
[EventRounds "11"]
[EventCountry "BEL"]
[SourceTitle "EXT 2017"]
[Source "ChessBase"]
[SourceDate "2016.10.25"]
[SourceVersion "1"]
[SourceVersionDate "2016.10.25"]
[SourceQuality "1"]
[WhiteTeam "Borgerhout"]
[BlackTeam "Charleroi CREC"]
[WhiteTeamCountry "BEL"]
[BlackTeamCountry "BEL"]

1. e4 c6 2. d4 d5 3. Nc3 dxe4 4. Nxe4 Nd7 5. Bd3 Ndf6 6. Nxf6+ Nxf6 7. c3 Qd5 8. Qf3 Bg4 9. Qxd5 Nxd5 10. Ne2 Bh5 11. Nf4 Nxf4 12. Bxf4 e6 13. a4 a5 14. Be5 Bg6 15. Bc4 Kd7 16. 0-0 f6 17. Bg3 Bd6 18. Rfe1 Rhe8 19. Re3 Re7 20. Rae1 Rae8 21. Bxd6 Kxd6 22. b4 axb4 23. cxb4 e5 24. dxe5+ Rxe5 25. a5 Rxe3 26. Rxe3 Rxe3 27. fxe3 Be4 28. Kf2 h6 29. g3 Bd5 30. Bd3 c5 31. e4 Be6 32. bxc5+ Kxc5 33. a6 bxa6 34. Bxa6 Kd4 35. Kf3 g5 36. Bb7 h5 37. h4 Bg4+ 38. Kf2 Bd1 39. Bc6 Bg4 40. Bb7 Ke5 41. Ke3 1/2-1/2

[Event "FRA-chT Top 12"]
[Site "Saint Quentin"]
[Date "2014.06.02"]
[Round "10.5"]
[White "Eliet, Nicolas"]
[Black "Sanikidze, Tornike"]
[Result "0-1"]
[WhiteElo "2402"]
[BlackElo "2514"]
[PlyCount "45"]
[EventDate "2014.05.24"]
[EventType "team-tourn"]
[EventRounds "11"]
[EventCountry "FRA"]
[SourceTitle "CBM 160 Extra"]
[Source "ChessBase"]
[SourceDate "2014.07.01"]
[SourceVersion "1"]
[SourceVersionDate "2014.07.01"]
[SourceQuality "1"]
[WhiteTeam "Haute Picardie"]
[BlackTeam "Strasbourg"]
[WhiteTeamCountry "FRA"]
[BlackTeamCountry "FRA"]

1. d4 d6 2. Nf3 g6 3. c4 Bg7 4. Nc3 Bg4 5. e3 Nf6 6. Qb3 Qc8 7. Be2 0-0 8. h3 Bf5 9. g4 Bd7 10. e4 c5 11. dxc5 dxc5 12. g5 Ne8 13. Be3 b6 14. 0-0-0 Nc6 15. h4 f5 16. exf5 Bxf5 17. Nd2 Nd6 18. f3 Nb4 19. Nce4 a5 20. a4 Qe6 21. Bd3 Bxe4 22. Bxe4 Nxe4 23. fxe4 0-1

[Event "FRA-chT Top 12"]
[Site "Saint Quentin"]
[Date "2014.06.01"]
[Round "9.5"]
[White "Eliet, Nicolas"]
[Black "Relange, Eloi"]
[Result "0-1"]
[WhiteElo "2402"]
[BlackElo "2466"]
[PlyCount "71"]
[EventDate "2014.05.24"]
[EventType "team-tourn"]
[EventRounds "11"]
[EventCountry "FRA"]
[SourceTitle "CBM 160 Extra"]
[Source "ChessBase"]
[SourceDate "2014.07.01"]
[SourceVersion "1"]
[SourceVersionDate "2014.07.01"]
[SourceQuality "1"]
[WhiteTeam "Haute Picardie"]
[BlackTeam "Evry Grand Roque"]
[WhiteTeamCountry "FRA"]
[BlackTeamCountry "FRA"]

1. c4 g6 2. g3 Bg7 3. Bg2 e5 4. Nc3 d6 5. e3 Nf6 6. Nge2 0-0 7. 0-0 c6 8. b3 Re8 9. Ba3 a5 10. d3 Na6 11. Qd2 Nc5 12. Rad1 Qc7 13. e4 Ne6 14. h3 Rb8 15. Bb2 b5 16. cxb5 cxb5 17. Nd5 Qa7 18. Nxf6+ Bxf6 19. Kh2 b4 20. f4 Qe7 21. Rf2 exf4 22. Bxf6 Qxf6 23. Nxf4 Nxf4 24. Qxf4 Qxf4 25. gxf4 Ba6 26. d4 Rbc8 27. e5 Kg7 28. Bf1 Bxf1 29. Rdxf1 f6 30. f5 fxe5 31. fxg6 hxg6 32. dxe5 Rxe5 33. Rf7+ Kh6 34. R1f2 Rc3 35. R7f6 Rh5 36. Rxd6 0-1

[Event "BEL-chT 1314"]
[Site "Belgium"]
[Date "2013.11.17"]
[Round "4.3"]
[White "Loiseau, Quentin"]
[Black "Eliet, Nicolas"]
[Result "1-0"]
[WhiteElo "2382"]
[BlackElo "2407"]
[PlyCount "47"]
[EventDate "2013.09.22"]
[EventType "team-tourn"]
[EventRounds "11"]
[EventCountry "BEL"]
[SourceTitle "EXT 2015"]
[Source "ChessBase"]
[SourceDate "2014.11.20"]
[SourceVersion "1"]
[SourceVersionDate "2014.11.20"]
[SourceQuality "1"]
[WhiteTeam "Liege Crelel"]
[BlackTeam "Charleroi CREC"]
[WhiteTeamCountry "BEL"]
[BlackTeamCountry "BEL"]

1. d4 Nf6 2. c4 e6 3. g3 d5 4. Bg2 dxc4 5. Nf3 Bd7 6. Ne5 Bc6 7. Nxc6 Nxc6 8. e3 Nd5 9. 0-0 Qd7 10. Qe2 Nb6 11. Nd2 Na5 12. Ne4 Qb5 13. b3 a6 14. Nc3 Qb4 15. Bd2 Qa3 16. Rfe1 Qe7 17. Ne4 Qa3 18. Nc3 Qd6 19. Na4 Nxa4 20. Bxa5 cxb3 21. axb3 Nb6 22. Bxb7 Ra7 23. Bxa6 Be7 24. Bb4 1-0

[Event "Charleroi op"]
[Site "Charleroi"]
[Date "2013.07.30"]
[Round "5"]
[White "Vandevoort, Pascal"]
[Black "Eliet, Nicolas"]
[Result "1/2-1/2"]
[WhiteElo "2384"]
[BlackElo "2402"]
[PlyCount "46"]
[EventDate "2013.07.27"]
[EventType "swiss"]
[EventRounds "9"]
[EventCountry "BEL"]
[SourceTitle "CBM 155 Extra"]
[Source "ChessBase"]
[SourceDate "2013.08.26"]
[SourceVersion "1"]
[SourceVersionDate "2013.08.26"]
[SourceQuality "1"]

1. e4 c6 2. Nc3 d5 3. Nf3 a6 4. d4 Bg4 5. Be3 e6 6. Bd3 Nf6 7. h3 Bh5 8. a3 Be7 9. Qe2 Bg6 10. Bd2 dxe4 11. Nxe4 Nbd7 12. Nxf6+ Nxf6 13. Bxg6 hxg6 14. 0-0-0 Rc8 15. Kb1 Qb6 16. Ka2 c5 17. dxc5 Bxc5 18. Rhf1 0-0 19. Rc1 Rfd8 20. Bg5 Be7 21. Rfd1 Bc5 22. Rf1 Be7 23. Rfd1 Bc5 1/2-1/2

[Event "Charleroi op"]
[Site "Charleroi"]
[Date "2013.07.29"]
[Round "3"]
[White "Werner, Ivan"]
[Black "Eliet, Nicolas"]
[Result "0-1"]
[WhiteElo "2061"]
[BlackElo "2402"]
[PlyCount "74"]
[EventDate "2013.07.27"]
[EventType "swiss"]
[EventRounds "9"]
[EventCountry "BEL"]
[SourceTitle "CBM 155 Extra"]
[Source "ChessBase"]
[SourceDate "2013.08.26"]
[SourceVersion "1"]
[SourceVersionDate "2013.08.26"]
[SourceQuality "1"]

1. e4 c6 2. d4 d5 3. exd5 cxd5 4. c4 dxc4 5. Nc3 Nd7 6. Bxc4 Nb6 7. Bb3 Nf6 8. Nf3 e6 9. 0-0 Be7 10. Qe2 0-0 11. Bg5 Bd7 12. Ne5 Be8 13. Rad1 Nfd5 14. Bxe7 Nxe7 15. Rd3 Nbd5 16. Rf3 f6 17. Bc2 f5 18. Rd1 Bh5 19. g4 fxg4 20. Nxg4 Rxf3 21. Qxf3 Kh8 22. Ne2 Rc8 23. Bb1 Nf6 24. h3 Qd5 25. Qxd5 Nfxd5 26. Ng3 Be8 27. Ne5 Kg8 28. Ne4 Bh5 29. Re1 Nf4 30. Kh2 Rd8 31. Ng3 Be8 32. Rd1 Nc6 33. Nxc6 Bxc6 34. Ne4 e5 35. Kg3 Ne2+ 36. Kh4 Nxd4 37. Rg1 Nf3+ 0-1

[Event "BEL-chT 1213"]
[Site "Belgium"]
[Date "2013.02.17"]
[Round "9.2"]
[White "Edouard, Romain"]
[Black "Eliet, Nicolas"]
[Result "1-0"]
[WhiteElo "2678"]
[BlackElo "2389"]
[PlyCount "75"]
[EventDate "2012.09.23"]
[EventType "team-tourn"]
[EventRounds "11"]
[EventCountry "BEL"]
[SourceTitle "EXT 2014"]
[Source "ChessBase"]
[SourceDate "2013.11.20"]
[SourceVersion "1"]
[SourceVersionDate "2013.11.20"]
[SourceQuality "1"]
[WhiteTeam "Wirtzfeld"]
[BlackTeam "Charleroi CREC"]
[WhiteTeamCountry "BEL"]
[BlackTeamCountry "BEL"]

1. d4 d5 2. c4 e6 3. Nc3 Nf6 4. Bg5 Be7 5. e3 Nbd7 6. Rc1 0-0 7. cxd5 exd5 8. Bd3 c6 9. Qc2 Re8 10. Nge2 Nf8 11. 0-0 Nh5 12. Bxe7 Qxe7 13. Rce1 g6 14. Nc1 Be6 15. f3 Rad8 16. Qf2 Qd6 17. N1e2 c5 18. g4 Ng7 19. e4 cxd4 20. Nb5 Qb8 21. Ng3 a6 22. Nxd4 dxe4 23. Nxe4 Re7 24. Kh1 Qf4 25. Qh4 f6 26. Ne2 Qe5 27. N2c3 Rf7 28. f4 Qc7 29. Bc2 Qc6 30. Kg1 Bc4 31. Rf2 b5 32. a3 Bd3 33. Bb3 Bc4 34. Bxc4 bxc4 35. f5 gxf5 36. gxf5 Nd7 37. Rd1 Re8 38. Nd6 1-0

[Event "BEL-chT 1213"]
[Site "Belgium"]
[Date "2012.10.21"]
[Round "3.4"]
[White "Loo, Bernd"]
[Black "Eliet, Nicolas"]
[Result "0-1"]
[WhiteElo "1915"]
[BlackElo "2389"]
[PlyCount "96"]
[EventDate "2012.09.23"]
[EventType "team-tourn"]
[EventRounds "11"]
[EventCountry "BEL"]
[SourceTitle "EXT 2013"]
[Source "ChessBase"]
[SourceDate "2012.11.22"]
[SourceVersion "1"]
[SourceVersionDate "2012.11.22"]
[SourceQuality "1"]
[WhiteTeam "Eynatten II"]
[BlackTeam "Charleroi CREC"]
[WhiteTeamCountry "BEL"]
[BlackTeamCountry "BEL"]

1. e4 c6 2. d4 d5 3. e5 Bf5 4. Bd3 Bxd3 5. Qxd3 e6 6. Ne2 Qa5+ 7. Nbc3 Qa6 8. Qh3 Nd7 9. f4 Ne7 10. 0-0 g6 11. g4 0-0-0 12. a4 h5 13. b4 Qc4 14. a5 Bg7 15. g5 Nf5 16. Qd3 Qxd3 17. cxd3 Bf8 18. Rb1 Be7 19. Na4 b6 20. Bd2 Kb7 21. Rfc1 Rb8 22. Rc2 Rhc8 23. axb6 axb6 24. Ra2 Ra8 25. Rba1 Ra6 26. Nb2 Rxa2 27. Rxa2 Nb8 28. Nd1 Na6 29. Rb2 Nc7 30. Ndc3 Ra8 31. Kf2 Ra3 32. Be3 Ka6 33. Bd2 Kb7 34. Bc1 Nxd4 35. Nxd4 Rxc3 36. Be3 Rxd3 37. Ke2 Rc3 38. h4 Rc4 39. Nc2 Nb5 40. Kd3 Re4 41. Rb1 Nc7 42. Rb2 Na6 43. Bd2 c5 44. b5 Nc7 45. Be3 Ra4 46. Bd2 c4+ 47. Kc3 Bc5 48. Ne1 Ra3+ 0-1

[Event "BEL-chT 1213"]
[Site "Belgium"]
[Date "2012.09.23"]
[Round "1.4"]
[White "Cekro, Ekrem"]
[Black "Eliet, Nicolas"]
[Result "1/2-1/2"]
[WhiteElo "2393"]
[BlackElo "2389"]
[PlyCount "52"]
[EventDate "2012.09.23"]
[EventType "team-tourn"]
[EventRounds "11"]
[EventCountry "BEL"]
[SourceTitle "CBM 150 Extra"]
[Source "ChessBase"]
[SourceDate "2012.10.19"]
[SourceVersion "1"]
[SourceVersionDate "2012.10.19"]
[SourceQuality "1"]
[WhiteTeam "Fontaine"]
[BlackTeam "Charleroi CREC"]
[WhiteTeamCountry "BEL"]
[BlackTeamCountry "BEL"]

1. c4 g6 2. g3 Bg7 3. Bg2 c5 4. Nc3 Nc6 5. a3 d6 6. e3 Bxc3 7. bxc3 Qd7 8. Ne2 b6 9. e4 Bb7 10. d3 f5 11. Nf4 0-0-0 12. exf5 gxf5 13. 0-0 Nf6 14. Nd5 Ng4 15. Re1 e6 16. Nf4 Rde8 17. a4 Nf6 18. Ra2 Re7 19. Rae2 Rhe8 20. h3 Ne5 21. Ra2 Bxg2 22. Nxg2 Qc6 23. Nh4 a5 24. Bg5 Rf7 25. f4 Ned7 26. Qf3 Qxf3 1/2-1/2

[Event "BEL-chT 1112"]
[Site "Belgium"]
[Date "2012.04.01"]
[Round "11.2"]
[White "Burg, Twan"]
[Black "Eliet, Nicolas"]
[Result "1-0"]
[WhiteElo "2462"]
[BlackElo "2410"]
[PlyCount "121"]
[EventDate "2011.10.09"]
[EventType "team-tourn"]
[EventRounds "11"]
[EventCountry "BEL"]
[SourceTitle "EXT 2013"]
[Source "ChessBase"]
[SourceDate "2012.11.22"]
[SourceVersion "1"]
[SourceVersionDate "2012.11.22"]
[SourceQuality "1"]
[WhiteTeam "Amay"]
[BlackTeam "Charleroi CREC"]
[WhiteTeamCountry "BEL"]
[BlackTeamCountry "BEL"]

1. e4 c6 2. Nc3 d5 3. Nf3 a6 4. h3 d4 5. Ne2 c5 6. b4 Nc6 7. bxc5 e5 8. Ng3 Bxc5 9. Bc4 Nf6 10. 0-0 Be6 11. Bb3 Bxb3 12. axb3 g6 13. Ne1 h5 14. Nd3 Bd6 15. Qe2 h4 16. Nh1 Nh5 17. Ba3 Bxa3 18. Rxa3 Qd6 19. Rfa1 Kf8 20. Ra4 Kg7 21. f3 Rae8 22. Qe1 Qe7 23. Nhf2 Qg5 24. b4 Re7 25. Rb1 Na7 26. Ra2 Rc8 27. Ng4 f6 28. Ngf2 Nb5 29. Rc1 Nc7 30. c4 dxc3 31. Rxc3 Rd8 32. Qe3 Qxe3 33. dxe3 Ne6 34. Kf1 Red7 35. Ke1 Kf7 36. Rac2 Ng3 37. Nb2 Rd6 38. Nc4 Rc6 39. Nd1 Ke7 40. Na5 Rcd6 41. Nb2 R8d7 42. Rc8 Nd8 43. R8c7 f5 44. Rxd7+ Rxd7 45. exf5 gxf5 46. Rc8 e4 47. Nb3 Ne6 48. fxe4 fxe4 49. Rh8 Rc7 50. Kd1 Rc3 51. Nd2 Rxe3 52. Rxh4 Re2 53. Rg4 Rxg2 54. Nxe4 Rxb2 55. Nxg3 b6 56. Kc1 Rh2 57. h4 a5 58. b5 Kf7 59. Ne4 Nc5 60. Nxc5 bxc5 61. b6 1-0

[Event "BEL-chT 1011"]
[Site "Belgium"]
[Date "2011.01.23"]
[Round "7.2"]
[White "Eliet, Nicolas"]
[Black "Geenen, Marc"]
[Result "1-0"]
[WhiteElo "2410"]
[BlackElo "2316"]
[PlyCount "81"]
[EventDate "2010.09.26"]
[EventType "team-tourn"]
[EventRounds "11"]
[EventCountry "BEL"]
[SourceTitle "EXT 2012"]
[Source "ChessBase"]
[SourceDate "2011.11.24"]
[SourceVersion "1"]
[SourceVersionDate "2011.11.24"]
[SourceQuality "1"]
[WhiteTeam "Charleroi CREC"]
[BlackTeam "Namur"]
[WhiteTeamCountry "BEL"]
[BlackTeamCountry "BEL"]

1. c4 e5 2. g3 Nf6 3. Bg2 c6 4. d4 exd4 5. Qxd4 d5 6. Nf3 Be6 7. cxd5 cxd5 8. 0-0 Nc6 9. Qa4 Bc5 10. a3 0-0 11. b4 Bb6 12. Bb2 Ne4 13. Nbd2 Nxd2 14. Nxd2 Qg5 15. Nf3 Qh5 16. Rad1 Rad8 17. Rd2 Rd7 18. Rc1 Rfd8 19. Qb5 Rd6 20. Rcd1 Bd7 21. Rxd5 Nd4 22. Qxb6 axb6 23. Rxd6 Nxe2+ 24. Kh1 Qf5 25. R6d2 h6 26. Rxe2 Re8 27. Nd4 Qh5 28. Rxe8+ Bxe8 29. Re1 Bd7 30. Bxb7 Qg5 31. Bc1 Qf6 32. Be3 h5 33. h4 Qd6 34. Bf3 Qe5 35. Kg2 f6 36. Rd1 g5 37. hxg5 fxg5 38. Nc6 Qc7 39. Ne7+ Kf7 40. Nd5 Qe5 41. Nxb6 1-0

[Event "BEL-chT 1011"]
[Site "Belgium"]
[Date "2010.11.21"]
[Round "4.1"]
[White "Hausrath, Daniel"]
[Black "Eliet, Nicolas"]
[Result "1-0"]
[WhiteElo "2537"]
[BlackElo "2410"]
[PlyCount "89"]
[EventDate "2010.09.26"]
[EventType "team-tourn"]
[EventRounds "11"]
[EventCountry "BEL"]
[SourceTitle "EXT 2012"]
[Source "ChessBase"]
[SourceDate "2011.11.24"]
[SourceVersion "1"]
[SourceVersionDate "2011.11.24"]
[SourceQuality "1"]
[WhiteTeam "Eynatten"]
[BlackTeam "Charleroi CREC"]
[WhiteTeamCountry "BEL"]
[BlackTeamCountry "BEL"]

1. Nf3 e6 2. g3 d5 3. Bg2 c5 4. 0-0 Nc6 5. d4 Nf6 6. c4 cxd4 7. cxd5 exd5 8. Nxd4 Be7 9. Nc3 0-0 10. Be3 Bg4 11. Qb3 Na5 12. Qc2 Qd7 13. Rad1 Rac8 14. Qb1 a6 15. Bg5 Nc6 16. Nb3 d4 17. Be3 dxe3 18. Rxd7 exf2+ 19. Rxf2 Bxd7 20. Nd5 Nxd5 21. Bxd5 Bg5 22. Nc5 Bh3 23. Bg2 Bg4 24. Qe4 Bh5 25. Nd7 Rfe8 26. Qd5 h6 27. Rf1 Rcd8 28. h4 Be3+ 29. Kh2 Ne5 30. Rf5 Ng4+ 31. Kh3 Nf2+ 32. Rxf2 Bxf2 33. Nf6+ gxf6 34. Qxh5 Be3 35. Bxb7 Rd6 36. Bd5 Re7 37. Qg4+ Kf8 38. Qc4 Kg7 39. Bf3 Rb6 40. b3 Re5 41. Bd5 Re7 42. Qg4+ Kf8 43. Bc4 f5 44. Qxf5 Rg6 45. Bxf7 1-0